الكتاب السنوى التاسع عشر ويتضمن مجموعة بحوث مئتمر التوجيهات العلمية فى ميدانى الزراعة والصناعة

محفوظ في:

مؤلف مشترك: المجمع المصرى للثقافة العلمية.

التنسيق: كتاب

اللغة: Undetermined

منشور في: Cairo matbaeat lajnat altaalif waltarjamat walnashr 1950

الوسوم: إضافة وسم

لا توجد وسوم, كن أول من يضع وسما على هذه التسجيلة!

رقم الطلب: Q05 MAJM

LEADER 00522nam a2200121Ia 4500
008 240404s9999||||xx |||||||||||||| ||und||
050 4 |a Q05 MAJM 
110 0 |a المجمع المصرى للثقافة العلمية. 
245 1 0 |a الكتاب السنوى التاسع عشر ويتضمن مجموعة بحوث مئتمر التوجيهات العلمية فى ميدانى الزراعة والصناعة 
264 1 |a Cairo  |b matbaeat lajnat altaalif waltarjamat walnashr   |c 1950 
300 |a 150  |c 24 
942 |2 lcc  |c BK 
999 |c 57980  |d 57980